Ako sa naučiť hrať na gitaru v 10 lekciách superlekcie

Bibliographic Details
Main Author: Holton, Dan (Author)
Other Authors: Cosford, Nina (Illustrator), Kerr, Joanna (Illustrator), Madarásová, Jitka (Translator)
Format: Book
Language:Slovak
English
PhysicalDescription:64 s. fareb. ilustr. 26 cm
Published: Bratislava Svojtka & Co. 2016
ISBN:9788081079269
Edition:1. slov. vyd.
Subjects:

MARC

LEADER 00000cam a2200000 a 4500
001 vtls011508986
003 SK-MaSNL
005 20260301042200.0
008 240318s2016 xo a j 001 0 slo
015 |a SNBA2016/12 
020 |a 9788081079269  |q (viaz.) 
035 |a 80E17C5D-EE7C-49F8-A045-4BEC7AFE26F4 
035 |a urn:nbn:sk:snk-amycjk 
035 |a urn:nbn:sk:snk-am00ch3g 
040 |a SNK  |b slo  |c SNK  |e AACR2 
041 1 |a slo  |h eng 
044 |a xo  |c SK 
072 7 |a 787  |x Hudba pre strunové a sláčikové nástroje  |2 konspekt 
072 7 |a 0/9-053.2  |x Literatúra pre deti a mládež (náučná)  |2 konspekt 
080 |a 780.653.1  |2 2011 
080 |a 787.61.02  |2 2001 
080 |a (035)  |2 2011 
080 |a (0.05)  |2 2011 
100 1 |a Holton, Dan  |4 aut  |9 345027 
240 1 0 |a How To Play Guitar in 10 Easy Lessons  |l Slovensky 
245 1 0 |a Ako sa naučiť hrať na gitaru v 10 lekciách  |b superlekcie  |c Dan Holton ; [ilustrácie: Joanna Kerr, Nina Cosford ; z anglického vydania preklad Jitka Madarásová] 
250 |a 1. slov. vyd. 
260 |a Bratislava  |b Svojtka & Co.  |c 2016 
300 |a 64 s.  |b fareb. ilustr.  |c 26 cm 
504 |a Reg. 
650 0 7 |a gitara  |2 SNKPH  |9 83752 
650 0 7 |a hra na gitare  |2 SNKPH  |9 16990 
650 0 7 |a Guitar  |2 SNKPHeng  |9 345028 
650 0 7 |a Guitar playing  |2 SNKPHeng  |9 330585 
655 7 |a príručky  |2 SNKPH  |9 74364 
655 7 |a publikácie pre deti  |2 SNKPH  |9 70148 
655 7 |a Handbooks, manuals, etc.  |2 SNKPHeng  |9 90964 
655 7 |a Children's literature  |2 SNKPHeng  |9 276039 
700 1 |a Cosford, Nina  |4 ill  |9 345029 
700 1 |a Kerr, Joanna  |4 ill  |9 345030 
700 1 |a Madarásová, Jitka  |4 trl  |9 207448 
852 |a Štátna vedecká knižnica v Banskej Bystrici 
919 |a 978-80-8107-926-9 
958 |a OP 
958 |a DB 
968 |b ENG 
999 |c 590381  |d 592311 
952 |a SNK  |b SNK  |y PREZ  |7 0  |p 17A1218213  |o snkSB 90879  |i snk2016/27069  |8 0  |0 0  |1 0  |4 0  |d 2016-11-22  |f 1  |l 0  |r 2025-05-14 00:00:00  |w 2026-02-23 
952 |a SNK  |b SNKPULT  |y VYP  |7 0  |p 17A1218214  |o snkSB 90879 D1  |i snk2016/27071  |8 0  |0 0  |1 0  |4 0  |d 2016-11-22  |l 1  |m 3  |q 2026-06-18  |r 2026-02-28 18:21:48  |s 2026-02-28  |w 2026-02-23